000 006430000a22002050004500
001 2108
090 _a2108
100 _a20010803d1959 m y0pory5003 ba
101 1 _apor
_cger
102 _aPT
200 1 _aOs construtores do mundo
_eBalzac, Dickens e Dostoiewsky
_fStefan Zweig
_gtrad. Alice Ogando
205 _a2ª ed
210 _aPorto
_cCivilização
_d1959
215 _a243, [4] p
304 _aTít. orig. : Drei meister
675 _a821.112.2(436)-94
_vBN
_zpor
700 1 _aZweig
_bStefan
_f1881-1942
702 1 _934372
_4730
_aOgando
_bAlice
942 _cMON
_n0
999 _a2108
_bBibliobase - BMTAV
_c2019-01-21